000 00608nam a2200181Ia 4500
008 100921s9999 xx 000 0 und d
082 _b32201
_a823 थ 60
100 _aAllison Clyde.
245 _aMillion Dollar Mistress.
260 _bमिडवुड प्रकाशन,अमेरिका.
_c1960
300 _a156
_b---
365 _b0
520 _aललित इंग्र्रजी कादंबरी.
630 _aMillion Dollar Mistress.
650 _aललित इंग्र्रजी कादंबरी.
730 _aMillion Dollar Mistress.
942 _cBOOK
999 _c781314
_d781311